[Event "Ch Netherlands (team)"]
[Site "masterchessopen.com Netherlands"]
[Round "0"]
[White "Kuijf Marinus (NED)"]
[Black "Bosman Michiel (NED)"]
[Result "1-0"]
[WhiteElo "2470"]
[BlackElo "2342"]

1.e4 e6 2.d4 d5 3.Nd2 a6 4.Ngf3 c5 5.exd5 exd5 6.Be2 c4 7.O-O Bd6 8.b3 cxb3
9.axb3 Ne7 10.c4 dxc4 11.bxc4 Bg4 12.Qb3 b6 13.Ba3 O-O 14.c5 bxc5 15.dxc5 Bf4
16.Nc4 Nbc6 17.Rfd1 Qb8 18.Qc3 Bh6 19.Nd6 Be6 20.Rab1 Nd5 21.Qe1 Qc7 22.Bc4
Nf4 23.Bxe6 Nxe6 24.Rb6 Ncd8 25.Ne5 Ra7 26.Nf5 Bf4 27.Rd7 Qxe5 28.Qxe5 Rxd7
29.Qa1 Re8 30.c6 Rc7 31.Bd6 Bxd6 32.Nxd6 Ree7 33.Rb8 g6 34.Nb7 Re8 35.Qd1 Rxc6
36.Nxd8 Nxd8 37.Rxd8 Re6 38.g3 Kg7 39.Qd4+ Kg8 40.Rd7 h6 41.Qf4 R6e7 42.Rxe7
Rxe7 43.Qxh6 {#r} 1-0

[Event "Ch Netherlands (team)"]
[Site "masterchessopen.com Netherlands"]
[Round "0"]
[White "Barendse Ted (NED)"]
[Black "Bosman Michiel (NED)"]
[Result "0-1"]
[WhiteElo "2185"]
[BlackElo "2342"]

1.e4 e6 2.d4 d5 3.Nd2 a6 4.Ngf3 c5 5.exd5 exd5 6.Be2 Nf6 7.O-O Be7 8.dxc5 Bxc5
9.Nb3 Ba7 10.Nbd4 O-O 11.h3 Nbd7 12.Be3 Nc5 13.Re1 Nce4 14.c3 Qd6 15.Nc2 Bb8
16.Bd4 Re8 17.Ne3 Bd7 18.Nf1 Bc7 19.Bd3 Rac8 20.Rc1 h6 21.Be5 Rxe5 22.Nxe5
Qxe5 23.c4 Bb6 24.Rc2 Qf4 25.Bxe4 dxe4 26.Ne3 Be6 27.Qc1 Bc7 28.Nf1 Qe5 29.Qe3
Ba5 30.Rd1 Rxc4 31.Rxc4 Bxc4 32.b3 Be6 33.Ng3 Bc7 34.Qa7 e3 35.Nh1 e2 36.Re1
Qh2# 0-1

[Event "Ch Netherlands (team) 2000"]
[Site "masterchessopen.com Netherlands"]
[Round "8"]
[White "Vink Nico (NED)"]
[Black "Bosman Michiel (NED)"]
[Result "0-1"]
[WhiteElo "2296"]
[BlackElo "2311"]

1.e4 e6 2.d4 d5 3.Nd2 a6 4.Ngf3 c5 5.exd5 exd5 6.dxc5 Bxc5 7.Nb3 Ba7 8.Bd3
Qe7+ 9.Be2 Nf6 10.O-O O-O 11.Bg5 Nc6 12.Bh4 h6 13.Re1 g5 14.Bg3 Be6 15.Nfd4
Ne4 16.Bf3 f5 17.Nxe6 Qxe6 18.c4 dxc4 19.Nd2 Rad8 20.Qc1 Rd4 21.Bxe4 fxe4
22.Nf3 Rd3 23.Nd2 e3 24.fxe3 Bxe3+ 25.Kh1 Qd5 26.Rxe3 Rxe3 27.Qc2 Qd3 28.Qxc4+
Qxc4 29.Nxc4 Re2 30.b3 b5 31.Nb6 Rxa2 32.Re1 Re2 33.Ra1 Nd4 34.h3 Nxb3 35.Rd1
Nd2 36.Kg1 Nc4 37.Nd7 Rf7 38.Kh1 Rd2 {#R} 0-1

[Event "Ch Netherlands (team) 2010/11"]
[Site "masterchessopen.com Netherlands"]
[Date "2011.04.09"]
[Round "8"]
[White "Brandenburg Daan (NED)"]
[Black "Trella Thomas (GER)"]
[Result "1-0"]
[WhiteElo "2522"]
[BlackElo "2415"]

1.e4 e6 2.d4 d5 3.Nd2 c5 4.exd5 exd5 5.Ngf3 a6 6.dxc5 Bxc5 7.Nb3 Bb6 8.Bd3
Qe7+ 9.Be2 Nf6 10.O-O O-O 11.Nfd4 Re8 12.Re1 Nc6 13.Be3 Bc7 14.Nxc6 bxc6 15.g3
Bd6 16.Bf3 Be6 17.Nd4 Bd7 18.c4 Rab8 19.Re2 Ne4 20.cxd5 cxd5 21.Rc1 Qf6 22.Bg2
Bf8 23.Rec2 Rec8 24.Rxc8 Rxc8 25.Rxc8 Bxc8 26.Qb3 Qd6 27.a3 g6 28.Qc2 Bb7
29.Nb3 Bc6 30.f3 Nf6 31.Bc5 Qe6 32.Bxf8 Kxf8 33.Kf2 Qd6 34.Nd4 Bd7 35.b4 Ne8
36.Bf1 Ke7 37.Qe2+ Kf8 38.Qxa6 Qe5 39.Qd3 Nd6 40.Qe3 Qf6 41.Bd3 {#r} 1-0

[Event "Ch Pan-American"]
[Site "masterchessopen.com Habana (Cuba)"]
[Round "0"]
[White "Silva Ceu (POR)"]
[Black "Hook W (IVB)"]
[Result "0-1"]
[WhiteElo "2006"]
[BlackElo "2009"]

1.e4 e6 2.d4 d5 3.Nd2 a6 4.Ngf3 c5 5.exd5 exd5 6.dxc5 Bxc5 7.Nb3 Bb6 8.Bd3 Nc6
9.O-O h6 10.Re1+ Nge7 11.Be3 O-O 12.Qd2 Bxe3 13.Qxe3 Qc7 14.Qc5 Be6 15.Nbd4
Qd7 16.Nxc6 Nxc6 17.Nd4 Rac8 18.Nxc6 Qxc6 19.Qd4 Qc5 20.Qxc5 Rxc5 21.Re5 Rc6
22.Rae1 Rd8 23.f4 Kf8 24.f5 Bc8 25.Kf2 Rcd6 26.Ke3 f6 27.Re6 Bxe6 28.fxe6
Rxe6+ 29.Kd2 Rxe1 {#R} 0-1

[Event "Ch Pan-American (juniors)"]
[Site "masterchessopen.com Sao Paulo (Brazil)"]
[Round "5"]
[White "Ferrao Luis"]
[Black "Bernat Miguel (ARG)"]
[Result "0-1"]
[WhiteElo "2200"]
[BlackElo "2380"]

1.e4 e6 2.d4 d5 3.Nd2 c5 4.exd5 exd5 5.Ngf3 a6 6.dxc5 Bxc5 7.Nb3 Ba7 8.c3 Nf6
9.Be2 O-O 10.O-O Qd6 11.Nfd4 Nc6 12.Bf3 Re8 13.Re1 Bd7 14.g3 Rxe1+ 15.Qxe1 Re8
16.Qd1 Ne5 17.Bg2 Bg4 18.Qf1 Nc4 19.Bf4 Qd7 20.Qc1 Bh3 21.Nd2 h6 22.Nxc4 dxc4
23.Bxh3 Qxh3 24.Qf1 Qxf1+ 25.Kxf1 Bxd4 26.cxd4 Nd5 27.Bd2 Re4 28.Bc3 f5 29.Re1
Rxe1+ 30.Kxe1 Kf7 31.Ke2 Ke6 32.a3 g5 33.h3 h5 34.Bd2 g4 35.hxg4 hxg4 36.Kd1
Ne7 37.Kc2 Kd5 38.Kc3 Nc6 39.Be3 b5 {#R} 0-1

[Event "Ch Paraguay"]
[Site "masterchessopen.com Asuncion (Paraguay)"]
[Round "10"]
[White "Diaz Ricardo (COL)"]
[Black "Peralta Eduardo (PAR)"]
[Result "0-1"]
[WhiteElo "2231"]
[BlackElo "2228"]

1.e4 e6 2.d4 d5 3.Nd2 a6 4.Ngf3 c5 5.exd5 exd5 6.dxc5 Bxc5 7.Be2 Nf6 8.O-O O-O
9.Nb3 Ba7 10.Bg5 Nc6 11.Nfd4 Re8 12.Bf3 h6 13.Bh4 g5 14.Bg3 Nxd4 15.Nxd4 g4
16.Be2 Bxd4 17.Qxd4 Rxe2 18.Bh4 Re6 19.Rfe1 Qb6 20.Bxf6 Rxf6 21.Re8+ Kg7
22.Qd1 Qxf2+ 23.Kh1 b5 24.Re2 Qf5 25.Qd4 Qf4 26.Qg1 Bb7 27.Rd1 Rc8 28.c3 Rc4
29.Red2 Re4 30.b3 h5 31.a3 Qe3 32.Rd3 Qxg1+ 33.Kxg1 Re2 34.R3d2 Rxd2 35.Rxd2
Rf4 36.Re2 Re4 37.Rc2 f5 38.Kf2 Kf6 39.g3 Ke5 40.Rb2 f4 41.gxf4+ Kxf4 42.a4 b4
43.cxb4 Rxb4 44.a5 d4 45.Rd2 Be4 46.Rb2 d3 47.Ke1 Ke3 48.h3 g3 49.h4 g2
50.Re2+ Kd4 {#R} 0-1

[Event "Ch Poland"]
[Site "masterchessopen.com Warsaw (Poland)"]
[Date "2004.04.25"]
[Round "2"]
[White "Mista Aleksander (POL)"]
[Black "Gdanski Jacek (POL)"]
[Result "0-1"]
[WhiteElo "2487"]
[BlackElo "2546"]

{ Mista Aleksander (POL) +1 =0 -0 } 1.e4 { 1 } 1...e6 2.d4 d5 3.Nd2 c5 4.exd5
exd5 5.Ngf3 ( 5.Bb5+ Bd7 6.Bxd7+ Nxd7 7.Ngf3 Ngf6 8.O-O Be7 9.dxc5 Nxc5 10.Nb3
Nce4 11.Nfd4 Qd7 12.f3 Nd6 13.Re1 O-O 14.Bg5 Nc4 15.c3 Rfe8 16.Qc2 Nh5 17.Bxe7
Rxe7 18.Nc5 Qc7 19.Nd3 Ne3 20.Qa4 a6 21.Re2 Rae8 22.Nf5 Re6 23.Nxe3 Qb6 24.Kf1
d4 { ...1-0, Mista Aleksander 2269 - Brustman Agnieszka 2383 , Koszalin 1999
It (open) (b) } ) 5...a6 6.dxc5 Bxc5 7.Nb3 Ba7 { ?/= } 8.Bd3 Nc6 ( 8...Qe7+
9.Qe2 { 1/2-1/2, Kupreichik Viktor D 2490 - Eingorn Vereslav S 2604 , Graz
2002 It (open) } ) 9.O-O Nge7 { } 10.h3 { N } ( 10.Re1 Bg4 11.Bf4 ( 11.c3 Qc7
12.Bg5 f6 13.Bh4 O-O 14.Bg3 Qd7 15.h3 Bf5 16.Nfd4 Nxd4 17.cxd4 Rfe8 18.Nc5
Bxc5 19.dxc5 Nc6 20.Qb3 Bxd3 21.Qxd3 d4 22.a3 Qd5 23.b4 g6 24.Rad1 Kf7 25.f3
Rxe1+ 26.Bxe1 Rd8 27.Bf2 Ne5 28.Qd2 d3 29.f4 Nc4 { ...0-1, Di Paolo Raffaele
2346 - Contin Daniel 2394 , Arvier 2003 Ch Italy } ) 11...Qd7 12.h3 Bh5 13.Be2
O-O 14.Ne5 Nxe5 15.Bxe5 Bxe2 16.Rxe2 Nc6 17.Bd4 Nxd4 18.Nxd4 Rfe8 19.Rd2 Rad8
20.Qf3 g6 21.Rad1 Re4 22.c3 Rde8 23.Nc2 Qe6 24.Qd3 Re2 25.Nd4 Re1+ 26.Kh2 Qe5+
27.g3 Rxd1 28.Rxd1 Qe4 29.Rd2 Kg7 { ...1-0, Mas Hafizulhelmi 2280 - Raaste
Eero J 2360 , Kuala Lumpur 1996 Match (team) } ) ( 10.c3 O-O 11.Bg5 ( 11.Nfd4
Qd6 12.Qh5 g6 13.Qh4 f5 14.Nf3 Qf6 15.Bg5 Qf7 16.Rfe1 Re8 17.Re2 Bd7 18.Rae1
Nc8 19.Rxe8+ Bxe8 20.Bf6 Nd6 21.Ng5 Qxf6 22.Qxh7+ Kf8 23.Ne6+ Qxe6 24.Rxe6 {
1-0, Stoker A - Ackers, Great Britain 1988 corr. } ) 11...Qd6 12.Re1 h6 13.Be3
Bxe3 14.Rxe3 Bf5 15.Nbd4 Bxd3 16.Qxd3 Nxd4 17.Nxd4 Qg6 18.Rae1 Qxd3 19.Rxd3
Rfe8 20.Nf3 Kf8 21.Red1 b5 22.Kf1 Rac8 23.Ne5 Rc7 24.Rf3 Nc6 25.Nxc6 Rxc6
26.Rfd3 a5 27.Rxd5 b4 28.Rc1 Rec8 29.Rxa5 bxc3 { ...1-0, Shulman Yuri 2435 -
Sjodell Ulf 2020 , Gausdal 1994 It (open) } ) ( 10.Bg5 f6 11.Bf4 Bg4 12.h3 Bh5
13.Re1 O-O 14.c3 Ng6 15.Bxg6 Bxg6 16.Nh4 Be4 17.Qg4 Ne5 18.Qg3 Nd3 19.Rf1 Nxf4
20.Qxf4 g5 21.Qg3 Bb8 22.f4 Kh8 23.Nf3 Bxf4 24.Qf2 Qc7 25.Nbd4 Rae8 26.Rad1
Bg6 27.Nc2 Qc4 28.Nfd4 Qxa2 29.Nb4 Qc4 { ...0-1, Kassebaum Roman 2320 -
Backwinkel Paul 2355 , Germany 1991 Bundesliga 1991/92 } ) ( 10.Bf4 O-O 11.c3
Ng6 12.Bg3 Bg4 13.h3 Bh5 14.Re1 f5 15.Re6 f4 16.Bxg6 Bxf3 17.gxf3 fxg3 18.Bc2
gxf2+ 19.Kf1 Qh4 20.Qxd5 Qxh3+ 21.Ke2 Kh8 22.Qe4 Rxf3 23.Re8+ Rf8 { 0-1, Speck
Nick 2381 - Playa Marcelo 2385 , Guarapuava 1991 Ch World (juniors) (under 18)
} ) 10...O-O 11.Bf4 Ng6 12.Bh2 Qf6 13.c3 Re8 14.Bc2 Bf5 15.Bxf5 Qxf5 16.Qd2 h6
17.Rae1 Re4 18.Rd1 Rd8 19.Rfe1 Bb6 20.Bg3 Rde8 21.Kf1 Qe6 { ?! } ( 21...Rxe1+
{ !? } 22.Rxe1 Rxe1+ 23.Qxe1 Nf8 { } ) 22.Qd3 Kh7 23.Nbd2 f5 24.Nxe4 dxe4
25.Qd7 Qc4+ 26.Kg1 Re7 27.Qxf5 exf3 28.Rxe7 Nxe7 29.Qxf3 Qxa2 30.h4 Qa4 { ? }
( { ? } 30...Ng8 31.h5 N6e7 32.Qxb7 Qe6 { } ) 31.h5 Nh4 32.Qd3+ { ? } ( { ? }
32.Bxh4 Qxh4 33.Rd7 Ng8 34.b4 { } ) 32...Nhf5 33.Bd6 Kh8 34.c4 { ?! } (
34.Bxe7 { !? } 34...Nxe7 35.Qd7 Qc2 36.Rd2 { } ) 34...Nxd6 35.Qxd6 Ng8 36.Re1
Ba5 37.Re4 { ? } ( { ? } 37.Rc1 Qb4 38.Qxb4 Bxb4 39.g4 { } ) 37...Qa1+ 38.Kh2
Qxb2 39.f3 Qf2 40.Qe5 Bb6 41.Kh3 Qg1 42.Rg4 { ?! } ( 42.Re1 { !? } 42...Qc5
43.Qxc5 Bxc5 44.Re8 { } ) 42...Nf6 43.Qb8+ Kh7 44.Rxg7+ Kxg7 45.Qxb7+ Kf8
46.Qb8+ Kf7 47.Qb7+ Ke6 48.Qc6+ Ke7 49.Qb7+ Kd8 { } {#R} 0-1

[Event "Ch Poland (corr.)"]
[Site "masterchessopen.com corr."]
[Round "0"]
[White "Masternak Aleksander (POL)"]
[Black "Kiedrowicz Jan (POL)"]
[Result "1-0"]
[WhiteElo "2192"]
[BlackElo "2298"]

1.e4 e6 2.d4 d5 3.Nd2 c5 4.exd5 exd5 5.Ngf3 a6 6.Be2 Nc6 7.O-O Nf6 8.Re1 Be7
9.dxc5 O-O 10.Nb3 Qc7 11.h3 Bf5 12.c3 Rfe8 13.Nbd4 Be6 14.b4 Ne4 15.Bd3 Nxd4
16.cxd4 Bf5 17.Ne5 f6 18.Bxe4 Bxe4 19.Rxe4 fxe5 20.Rxe5 Qc6 21.Qb3 Bf6
22.Rxe8+ Rxe8 23.Be3 Re4 24.Rd1 h5 25.a4 g5 26.b5 axb5 27.axb5 Qe6 28.c6 bxc6
29.b6 Qd6 30.b7 Re8 31.Ra1 Rb8 32.Ra8 Bd8 33.Bxg5 Bc7 34.Qg3 Qf8 35.Qxc7 Rxa8
36.Bh6 {#r} 1-0

[Event "Ch Poland (juniors) (under 16)"]
[Site "masterchessopen.com Krynica (Poland)"]
[Round "0"]
[White "Liwak Przemyslaw (POL)"]
[Black "Wisniewski Adrian (POL)"]
[Result "0-1"]
[WhiteElo "2230"]
[BlackElo "2185"]

1.e4 e6 2.d4 d5 3.Nd2 a6 4.Ngf3 c5 5.exd5 exd5 6.Be2 Nc6 7.dxc5 Bxc5 8.Nb3 Bb6
9.O-O Nge7 10.c3 O-O 11.Re1 Bc7 12.Nbd4 Qd6 13.g3 Ng6 14.Bf1 Bg4 15.Bg2 Qd7
16.Qd3 Rfe8 17.Bd2 Nce5 18.Nxe5 Nxe5 19.Qc2 Bb6 20.Qb3 Nc4 21.Be3 Rad8 22.Nc2
Re6 23.Nd4 Bxd4 24.Bxd4 h5 25.Rxe6 Qxe6 26.Qxb7 h4 27.Qc7 Re8 28.b3 Nd2 29.Be3
Ne4 30.c4 h3 31.Bh1 d4 32.Bxd4 Nd2 33.Be3 Nf3+ 34.Bxf3 Bxf3 35.Qf4 Qc6 36.Bd4
Re4 37.Qb8+ Kh7 38.Qb6 Qa8 39.Qa7 Qe8 40.Be3 Qe6 41.Re1 Bg4 42.Qb7 Qf5 43.Bd2
Bf3 44.Rxe4 Bxe4 45.Qe7 f6 46.Bf4 Bc6 47.Qe2 Bf3 48.Qe3 Qb1+ 49.Qc1 Qxa2
50.Qf1 Kg8 51.c5 Be2 52.Qe1 Qc2 53.f3 Qd3 {#R} 0-1

[Event "Ch Poland (juniors) (under 18)"]
[Site "masterchessopen.com Leba (Poland)"]
[Date "2006.03.27"]
[Round "4"]
[White "Niedzwiedz Marek (POL)"]
[Black "Furman Bartosz (POL)"]
[Result "1-0"]
[WhiteElo "2000"]
[BlackElo "1840"]

1.e4 e6 2.d4 d5 3.Nd2 a6 4.Ngf3 c5 5.exd5 exd5 6.dxc5 Bxc5 7.Nb3 Bb6 8.Bd3 Ne7
9.O-O O-O 10.c3 Qd6 11.Nbd4 Nbc6 12.Be3 Bg4 13.Bxh7+ Kxh7 14.Ng5+ Kg8 15.Qxg4
Nxd4 16.Bxd4 Bxd4 17.Qxd4 Rac8 18.Qd3 Qh6 19.Nf3 Rc6 20.Nd4 Rg6 21.Rae1 Nc6
22.Nxc6 bxc6 23.Re3 Qf4 24.Qd4 Qxd4 25.cxd4 Rg4 26.Rd1 Rb8 27.Rb3 Rxb3 28.axb3
Re4 29.Kf1 Kf8 30.Rd3 Rh4 31.h3 Ke7 32.Ke2 Kd6 33.b4 Rh8 34.Kd2 Rb8 35.Kc3 Re8
36.Re3 Rb8 37.h4 Rh8 38.Rh3 g6 39.g4 Ke6 40.Kb3 Kf6 41.Ka4 Ke6 42.Ka5 Rb8
43.h5 gxh5 44.gxh5 Kf6 45.h6 Ke7 46.h7 Rh8 47.Kxa6 Kd7 48.Kb7 Kd6 49.Rh6+ Kd7
50.f4 f5 {#r} 1-0

[Event "Ch Poland (team) (2nd liga)"]
[Site "masterchessopen.com Ustron (Poland)"]
[Date "2008.09.07"]
[Round "2"]
[White "Wawrowski Zbigniew (POL)"]
[Black "Wisniewski Adrian (POL)"]
[Result "0-1"]
[WhiteElo "2172"]
[BlackElo "2373"]

1.e4 e6 2.d4 d5 3.Nd2 a6 4.Ngf3 c5 5.exd5 exd5 6.Be2 Nc6 7.O-O Bd6 8.c4 dxc4
9.d5 Nce7 10.Nxc4 Nf6 11.Bg5 b5 12.Nxd6+ Qxd6 13.a4 Rb8 14.axb5 axb5 15.Qd2
Qxd5 16.Qf4 Rb6 17.Rfd1 Qb7 18.Rd6 Nfd5 19.Rxb6 Qxb6 20.Qe4 f6 21.Ra8 O-O
22.Bd2 Bf5 23.Rxf8+ Kxf8 24.Qh4 Qd6 25.g4 Bg6 {#R} 0-1

[Event "Ch Poland (w)"]
[Site "masterchessopen.com Swieradow (Poland)"]
[Round "6"]
[White "Dabrowska Krystyna (POL)"]
[Black "Lissowska Anna (POL)"]
[Result "1-0"]
[WhiteElo "2208"]
[BlackElo "2185"]

1.e4 e6 2.d4 d5 3.Nd2 a6 4.Ngf3 c5 5.exd5 exd5 6.Be2 c4 7.b3 b5 8.O-O Bd6
9.Re1 Ne7 10.bxc4 bxc4 11.Ne5 O-O 12.Bf3 Ra7 13.Nf1 Kh8 14.c3 f6 15.Ng4 Qa5
16.Bd2 Rb7 17.Ng3 Nbc6 18.Qc2 Ng6 19.Ne3 Nce7 20.Ngf5 Nxf5 21.Nxf5 Ba3 22.Rab1
Rxb1 23.Qxb1 Rd8 24.g3 Bf8 25.Ne3 Ne7 26.Qb2 Kg8 27.Rb1 Nf5 28.Qb6 Qxb6
29.Rxb6 Nxe3 30.Bxe3 Kf7 31.h4 f5 32.Bf4 Rd7 33.Rb8 Rd8 34.Bc7 Re8 35.Bxd5+
Kg6 36.Rb6+ {#r} 1-0

[Event "Ch PriFO (juniors) (under 16)"]
[Site "masterchessopen.com Penza (Russia)"]
[Date "2008.11.03"]
[Round "1"]
[White "Zernyshkin Vladislav (RUS)"]
[Black "Matorkin Dmitry (RUS)"]
[Result "1-0"]
[WhiteElo "2232"]
[BlackElo "1852"]

1.e4 e6 2.d4 d5 3.Nd2 a6 4.Ngf3 c5 5.exd5 exd5 6.dxc5 Bxc5 7.Nb3 Bb6 8.Bg5 Nf6
9.Qe2+ Be6 10.Nfd4 Qe7 11.O-O-O h6 12.Bh4 g5 13.Bg3 Bg4 14.Qxe7+ Kxe7 15.Re1+
Kd7 16.f3 Be6 17.h4 Nh5 18.Be5 Rg8 19.hxg5 Rxg5 20.f4 Ng3 21.fxg5 Nxh1 22.gxh6
Nc6 23.Nxc6 bxc6 24.h7 Bf2 25.Re2 Bg4 26.h8=Q Rxh8 27.Bxh8 Bxe2 28.Bxe2 c5
29.Bxa6 c4 30.Nd4 Ng3 31.c3 Nh5 32.Be5 f6 33.Bh2 Ng3 34.Bxg3 Bxg3 35.Bb7 Bf4+
36.Kd1 Kd6 37.a4 {#r} 1-0

[Event "Ch PriFO (juniors) (under 16)"]
[Site "masterchessopen.com Penza (Russia)"]
[Date "2008.11.10"]
[Round "8"]
[White "Ostanin Vadim (RUS)"]
[Black "Stepanov Nikita (RUS)"]
[Result "1-0"]
[WhiteElo "2243"]
[BlackElo "1896"]

1.e4 e6 2.d4 d5 3.Nd2 a6 4.Ngf3 c5 5.exd5 exd5 6.dxc5 Bxc5 7.Nb3 Bb6 8.Bd3 Nf6
9.Qe2+ Be6 10.Nfd4 Qe7 11.O-O O-O 12.Bf4 Nc6 13.c3 Rfe8 14.Rfe1 Qd7 15.Qc2
Rac8 16.Nxc6 Qxc6 17.Be3 Bc7 18.Nd4 Qd6 19.g3 Qd7 20.Rad1 Rcd8 21.Bg5 Bg4
22.f3 Bh3 23.Bxf6 Rxe1+ 24.Rxe1 Re8 25.Bxh7+ Kf8 26.Rxe8+ Qxe8 27.Kf2 gxf6
28.Bf5 Bxf5 29.Qxf5 Be5 30.Ne2 Qc6 31.f4 Bb8 32.Kf3 Ba7 33.Qd3 b5 34.Nd4 Bxd4
35.Qxd4 Kg7 36.f5 Qd7 37.g4 Qd6 38.Qf4 Qe7 39.Qe3 Qc7 40.Qf4 Qe7 41.Kf2 Qc5+
42.Kf1 a5 43.a3 a4 44.h4 Qc6 45.g5 fxg5 46.hxg5 Kh7 47.Ke2 Qe8+ 48.Kd2 Qc6
49.Qh4+ Kg8 50.Qf4 Kh7 51.Kd3 Qb6 52.Qd4 Qc6 53.Kc2 Qd7 54.Qf6 d4 55.g6+ fxg6
56.fxg6+ Kg8 57.Qf7+ {#r} 1-0

[Event "Ch Provincial (1 Etapa)"]
[Site "masterchessopen.com Santa Clara (Cuba)"]
[Date "2009.10.26"]
[Round "4"]
[White "Miranda Mesa Elier (CUB)"]
[Black "Sieiro-Gonzalez Luis (CUB)"]
[Result "1-0"]
[WhiteElo "2340"]
[BlackElo "2361"]

1.e4 e6 2.d4 d5 3.Nd2 c5 4.exd5 exd5 5.Ngf3 a6 6.dxc5 Bxc5 7.Nb3 Bb6 8.Bd3
Qe7+ 9.Be2 Nf6 10.O-O O-O 11.Bg5 h6 12.Bh4 Nc6 13.Re1 g5 14.Bg3 Qd8 15.c4 dxc4
16.Bxc4 Bg4 17.Qc2 Re8 18.Qg6+ Kh8 19.Rxe8+ Nxe8 20.Bxf7 {#r} 1-0

[Event "Ch Region"]
[Site "masterchessopen.com Cheliabinsk (Russia)"]
[Round "5"]
[White "Sultanov Ruslan (RUS)"]
[Black "Kuznetsov Igor (RUS)"]
[Result "0-1"]
[WhiteElo "2067"]
[BlackElo "2172"]

1.e4 e6 2.d4 d5 3.Nd2 a6 4.Ngf3 c5 5.exd5 exd5 6.dxc5 Bxc5 7.Nb3 Ba7 8.Qe2+
Ne7 9.Be3 O-O 10.Bxa7 Rxa7 11.Nfd4 Ng6 12.O-O-O Re8 13.Qd2 b5 14.f4 Qf6 15.g3
Rae7 16.Bg2 Bb7 17.Rhe1 Rxe1 18.Rxe1 Rxe1+ 19.Qxe1 Ne7 20.Nf5 Qxf5 21.Qxe7 Qd7
22.Qe5 Qd8 23.Nc5 Ba8 24.c3 h6 25.Nd3 a5 26.Kd1 Na6 27.f5 b4 28.Nf4 bxc3
29.bxc3 Nc7 30.Nh5 f6 31.Qd4 Qe7 32.Qb6 a4 33.Nf4 Qd8 34.Kd2 a3 35.Qa7 Qc8
36.Ne6 Nxe6 37.fxe6 Bc6 38.Qf7+ Kh8 39.e7 Kh7 40.Bf1 Qe8 41.Bd3+ Kh8 42.Qf8+
{#R} 0-1

[Event "Ch Region (open)"]
[Site "masterchessopen.com Odessa (Ukraine)"]
[Round "6"]
[White "Sodol Georgiy (UKR)"]
[Black "Sumets Andrey (UKR)"]
[Result "0-1"]
[WhiteElo "2378"]
[BlackElo "2474"]

1.e4 e6 2.d4 d5 3.Nd2 c5 4.exd5 exd5 5.Ngf3 a6 6.dxc5 Bxc5 7.Nb3 Bb6 8.Bd3 Nf6
9.Qe2+ Qe7 10.Qxe7+ Kxe7 11.O-O Re8 12.Bg5 h6 13.Rfe1+ Be6 14.Be3 Bxe3 15.Rxe3
Nc6 16.Nc5 Nd7 17.Nxe6 fxe6 18.Rd1 Kf6 19.Bf1 b5 20.g3 Nb6 21.b3 e5 22.Rc3
Rac8 23.Bh3 Rc7 24.Rc5 Ree7 25.c3 Nd8 26.b4 Nb7 27.Rxc7 Rxc7 28.Re1 Re7 29.Nh4
Nd6 30.Rd1 g5 31.Ng2 Ne4 32.Rd3 Rc7 33.Rf3+ Kg7 34.Ne3 Nxc3 35.Nf5+ Kh7
36.Nxh6 Kxh6 37.Rf6+ Kg7 38.Rxb6 Nxa2 39.Rxa6 Nxb4 40.Rb6 Nd3 41.Bf1 Ne1
42.Rxb5 d4 43.Rb1 Nf3+ 44.Kg2 e4 {#R} 0-1

[Event "Ch Region (open)"]
[Site "masterchessopen.com Cheliabinsk (Russia)"]
[Date "2009.03.06"]
[Round "7"]
[White "Kulagin Sergey (RUS)"]
[Black "Kuznetsov Igor (RUS)"]
[Result "0-1"]
[WhiteElo "2133"]
[BlackElo "2234"]

1.e4 e6 2.d4 d5 3.Nd2 a6 4.Ngf3 c5 5.exd5 exd5 6.c4 cxd4 7.Nb3 Nc6 8.Nbxd4 Nf6
9.Nxc6 bxc6 10.Be2 Bb4+ 11.Bd2 Bxd2+ 12.Qxd2 O-O 13.O-O Be6 14.Qc2 Ne4 15.Nd4
Qb6 16.Rad1 h6 17.Bf3 Ng5 18.Bh5 dxc4 19.h4 c5 20.Ne2 Nh7 21.Nf4 Rab8 22.Rd2
Rfd8 23.Re2 Nf6 24.Nxe6 fxe6 25.Bf3 Rd4 26.g3 e5 27.Rxe5 Qxb2 28.Qg6 Rd7
29.Rfe1 Rf7 30.g4 Rbf8 31.R1e2 Qd4 32.Re7 Qd3 33.Qxd3 cxd3 34.Rxf7 Kxf7 35.Re5
c4 36.Rc5 Rd8 37.Rxc4 d2 38.Bd1 Ke6 39.Kf1 Kd5 40.Ra4 Re8 41.Be2 Ne4 42.Bf3
Kc5 43.Ra3 Kd4 44.Rxa6 Kd3 45.Ra7 g5 46.hxg5 hxg5 47.Rd7+ Kc2 48.Rd5 Nc3
49.Rxg5 d1=Q+ 50.Bxd1+ Kxd1 51.f4 Kd2 52.Kg2 Re2+ 53.Kh3 Ke3 54.Re5+ Ne4 55.f5
Kf4 56.Rxe4+ {#R} 0-1

[Event "Ch Region (w)"]
[Site "masterchessopen.com Voronezh (Russia)"]
[Date "2006.11.30"]
[Round "6"]
[White "Meshcheriakova Evgenia (RUS)"]
[Black "Andreeva Arina (RUS)"]
[Result "1-0"]
[WhiteElo "2253"]
[BlackElo "2031"]

1.e4 e6 2.d4 d5 3.Nd2 a6 4.Ngf3 c5 5.exd5 exd5 6.dxc5 Bxc5 7.Nb3 Ba7 8.Qe2+
Ne7 9.Be3 O-O 10.Bxa7 Rxa7 11.Qd2 Re8 12.Be2 Bf5 13.O-O Nbc6 14.Rad1 h6
15.Rfe1 Be4 16.Nfd4 Ra8 17.Bf3 Bg6 18.c3 Qc7 19.Re2 Ne5 20.Qf4 Nxf3+ 21.Qxf3
Be4 22.Qg3 Qxg3 23.hxg3 Nc6 24.Rde1 Kf8 25.Nc5 Ne5 26.f3 Nd3 27.Nxd3 Bxd3
28.Rxe8+ Rxe8 29.Rxe8+ Kxe8 30.g4 Ke7 31.Kf2 g6 32.Ke3 Bb1 33.a3 Kd6 34.Kf4
Bd3 35.g5 h5 36.g3 Bb1 37.Ke3 Kc5 38.Nb3+ Kd6 39.f4 b6 40.Nd2 Bf5 41.Kd4 Bg4
42.Nf1 Bf5 43.Ne3 Be6 44.Nc2 Bc8 45.Nb4 Bb7 46.Nd3 Bc8 47.Ne5 Be6 48.a4 Kc7
49.a5 Kb7 50.Nd3 Bf5 51.axb6 Kxb6 52.Nb4 Kb5 53.Nxd5 a5 54.c4+ Ka4 55.Kc3 {#r}
1-0

[Event "Ch Romania (team) (2 liga)"]
[Site "masterchessopen.com Romania"]
[Round "5"]
[White "Sirbu Adrian-George (ROM)"]
[Black "Anitoaie Dumitru (ROM)"]
[Result "0-1"]
[WhiteElo "2161"]
[BlackElo "2350"]

1.e4 e6 2.d4 d5 3.Nd2 a6 4.Ngf3 c5 5.exd5 exd5 6.Be2 Nc6 7.O-O cxd4 8.Nb3 Nf6
9.Nfxd4 Bd6 10.Bg5 O-O 11.Bf3 h6 12.Bh4 g5 13.Bg3 Ne5 14.Be2 Ne4 15.Bd3 f5
16.Bxe5 Bxe5 17.Qh5 Qf6 18.c3 Bd7 19.f3 Nd6 20.g4 Rae8 21.Rad1 Re7 22.Kh1 Nc4
23.Bxc4 dxc4 24.Nc5 Be8 25.Qh3 Bxd4 26.cxd4 Re2 27.b3 c3 28.d5 c2 29.Rde1 Rxe1
30.Rxe1 Qc3 31.Rc1 Qxc5 32.Qxh6 Qe3 33.Rxc2 Qxf3+ 34.Rg2 Qd1+ 35.Rg1 Qxd5+
36.Rg2 fxg4 37.h4 g3 38.Qxg5+ Qxg5 {#R} 0-1

[Event "Ch Russia (1/2 final)"]
[Site "masterchessopen.com Krasnodar (Russia)"]
[Round "0"]
[White "Shibaev F (RUS)"]
[Black "Skorchenko Dmitriy (RUS)"]
[Result "0-1"]
[WhiteElo "2297"]
[BlackElo "2436"]

1.e4 e6 2.d4 d5 3.Nd2 a6 4.Ngf3 c5 5.exd5 exd5 6.Be2 cxd4 7.Nb3 Nf6 8.O-O Bd6
9.Nbxd4 Nc6 10.c3 O-O 11.Bg5 Re8 12.Bh4 Bg4 13.Re1 Bc5 14.Nxc6 bxc6 15.Nd4
Bxe2 16.Rxe2 Qd6 17.Rxe8+ Rxe8 18.Qd3 a5 19.f3 Nh5 20.Re1 Rxe1+ 21.Bxe1 Nf4
22.Qd2 Ne6 23.Bf2 Bxd4 24.cxd4 Qc7 25.b3 Qb6 26.g3 h6 27.Kg2 Qb5 28.Qc2 h5
29.h4 g6 30.Be3 Ng7 31.Bf4 Nf5 32.Qd2 Qb6 33.Be5 Qd8 34.Qg5 Qxg5 35.hxg5 Kf8
36.Kf2 Ke7 37.g4 Nd6 38.Kg3 hxg4 39.Bxd6+ Kxd6 40.fxg4 c5 41.Kf3 c4 42.bxc4
dxc4 43.Ke4 Kc6 44.d5+ Kc5 45.Ke5 c3 46.d6 Kc6 {#R} 0-1